Największe miasta w Polsce na literę P - Statystyki

Ogólne statystyki
  • Ten quiz został rozwiązany 12 249 razy
  • Średni wynik to 6 z 10
Statystyki odpowiedzi
Rank. Liczba mieszańców Województwo Miasto % Poprawnych
1. 534.813 wielkopolskie Poznań
99%
2. 119.425 mazowieckie Płock
73%
3. 73.139 wielkopolskie Piła
64%
4. 73.090 łódzkie Piotrków Trybunalski
63%
7. 60.689 podkarpackie Przemyśl
54%
6. 62.317 mazowieckie Pruszków
51%
5. 64.757 łódzkie Pabianice
49%
10. 47.417 lubelskie Puławy
39%
9. 48.450 mazowieckie Piaseczno
37%
8. 55.030 śląskie Piekary Śląskie
33%
Nie znaleziono quizów pasujących do podanych kryteriów
Rozkład punktacji
Procent ludzi z każdym wynikiem
Percentyl według liczby udzielonych odpowiedzi
Twoja historia wyników
Nie rozwiązałeś tego quizu